Pokemon 9G par photo / Pictures Random (30) - Statistiques

Statistiques générales
  • Ce quiz a été pris 122 fois
  • Le résultat moyen est 21 sur 30
Statistiques - réponses
Par images Réponse % Correct
Axoloto de Paldea
100%
Deusolourdo
100%
Dofin
100%
Flamenroule
100%
Flotte-Mèche
100%
Koraidon
100%
Pohm
100%
Pohmotte
100%
Superdofin
100%
Terracruel
100%
Yuyu
100%
Motorizard
92%
Charbambin
91%
Olivini
91%
Courrousinge
90%
Gigansel
90%
Oyacata
90%
Palmaval
90%
Poussacha
90%
Toutombe
90%
Triopikeau
90%
Famignol
89%
Flâmigator
88%
Hotte-de-Fer
88%
Miascarade
88%
Chochodile
86%
Cléopsytra
86%
Fort-Ivoire
86%
Léboulérou
86%
Miraidon
86%
Taupikeau
86%
Terracool
86%
Farigiraf
83%
Ferdeter
83%
Floréclat
83%
Terraiste
82%
Vrombi
82%
Arboliva
80%
Fongus-Furie
80%
Lestombaile
80%
Matourgeon
80%
Têtampoule
80%
Ampibidou
79%
Briochien
78%
Coiffeton
78%
Délestin
78%
Dinglu
78%
Gambex
78%
Lilliterelle
78%
Scalpereur
78%
Virovent
78%
Vrombotor
78%
Baojian
75%
Forgelina
75%
Garde-de-Fer
75%
Gromago
75%
Pohmarmotte
75%
Zapétrel
75%
Mordudor
73%
Nigirigon
73%
Têtes-de-Fer
73%
Canarbello
71%
Malvalame
71%
Pâtachiot
71%
Scovilain
71%
Fragroin
70%
Mite-de-Fer
70%
Tauros de Paldea
70%
Craparoi
67%
Forgerette
67%
Gourmelet
67%
Hurle-Queue
67%
Paume-de-Fer
67%
Piétacé
67%
Roue-de-Fer
67%
Tag-Tag
67%
Tapatoès
67%
Vert-de-Fer
64%
Balbalèze
63%
Compagnol
63%
Carmadura
62%
Tissenboule
60%
Tomberro
60%
Selutin
58%
Forgella
57%
Chongjian
56%
Crocogril
50%
Dogrino
50%
Filentrappe
50%
Glaivodo
50%
Pelage-Sablé
50%
Pimito
50%
Epine-de-Fer
46%
Germéclat
45%
Flotillon
44%
Grondogue
40%
Fulgulairo
38%
Serpente-Eau
38%
Bérasca
33%
Frigodo
33%
Gribouraigne
33%
Olivado
33%
Rugit-Lune
33%
Virevorreur
33%
Amassel
30%
Rampe-Ailes
29%
Cryodo
22%
Aucun quiz correspondant
Distribution des résultats
% des personnes avec chaque résultat
Percentile par nombre de réponses
Votre historique - résultats
Vous n’avez pas pris ce quiz